JAVA grafické uživatelské prostředí a čeština /

Na minha lista:
Detalhes bibliográficos
Autor principal: Herout, Pavel (Author)
Formato: Livro
Idioma:tcheco
Publicado em: České Budějovice : Kopp, 2012
Edição:2. vyd. (dotlač)
Assuntos:
Tags: Adicionar Tag
Sem tags, seja o primeiro a adicionar uma tag!

MARC

LEADER 00000nam a22000003a 4500
001 0083405
005 20200922133355.8
008 060712s2006----xr------------------cze-d
020 |a 978-80-7232-328-9 
040 |a STU  |b slo 
041 0 |a cze 
044 |a xr 
080 |a 004.42 
080 |a 519.682 
080 |a 681.3.06 
080 |a JAVA 
100 1 |a Herout, Pavel  |4 aut 
245 1 |a JAVA grafické uživatelské prostředí a čeština /  |c aut. Pavel Herout 
250 |a 2. vyd. (dotlač) 
260 |a České Budějovice :  |b Kopp,  |c 2012 
300 |a 316 s 
650 7 |a programovacie jazyky  |2 stusub 
650 7 |a programovanie  |2 stusub 
650 7 |a World Wide Web  |2 estusub 
650 7 |a WWW dokumenty  |2 stusub 
650 7 |a HTML  |2 stusub 
996 |b 284M088403  |c M* 14335-1  |l MMKN  |s A  |a 24  |w 0083405_0001